| 000 | 00919nam a2200277 i 4500 | ||
|---|---|---|---|
| 001 | bg | ||
| 100 | 1 | _aGewert, Marian. | |
| 245 | 1 | 0 |
_aAnaliza matematyczna 2 : _bkolokwia i egzaminy / _coprac. Marian Gewert, Zbigniew Skoczylas. |
| 250 | _aWyd. 6 powiększ. | ||
| 260 |
_aWrocław : _b"GiS", _c2004. |
||
| 300 |
_a137 s. : _bil. ; _c24 cm. |
||
| 490 | 1 | _aMatematyka dla Studentów Politechnik | |
| 650 | 9 | _aAnaliza matematyczna | |
| 650 | 9 |
_aEgzaminy _xszkolnictwo wyższe |
|
| 655 | _aĆwiczenia i zadania dla szkół wyższych | ||
| 700 | 1 | _aSKOCZYLAS, Zbigniew | |
| 830 | _aMatematyka dla Studentów Politechnik | ||
| 020 | _a838902022X | ||
| 040 | _cBPK | ||
| 041 | 0 | _apol | |
| 080 | _a517(075.8)(076):378.244 | ||
| 920 | _a83-89020-22-X | ||
| 942 | _cKS | ||
| 008 | s pl f |000 0 pol | ||
| 999 |
_c45359 _d45359 |
||
| 856 |
_uhttp://koha.tu.koszalin.pl/cgi-bin/koha/opac-detail.pl?biblionumber=45359 _yKatalog online BPK |
||